| 000 | 00626nam a2200217 i 4500 | ||
|---|---|---|---|
| 001 | bg | ||
| 100 | 1 | _aMYCZKO, Andrzej | |
| 245 | 1 | 0 |
_aTechnika w chowie owiec / _cAndrzej Myczko ; Instytut Budownictwa, Mechanizacji i Elektryfikacji Rolnictwa. |
| 260 |
_aWarszawa : _bIBMiER, _c1995. |
||
| 300 |
_a172 s. : _bfot., rys. ; _c21 cm. |
||
| 504 | _aBibliogr. s. 171-172. | ||
| 650 | 9 |
_aOwca _xhodowla _xmechanizacja |
|
| 650 | 9 | _aOwczarnia | |
| 020 | _a8386264187 | ||
| 040 | _cBPK | ||
| 041 | 0 | _apl | |
| 080 | _a636.3:631.17+631.2 | ||
| 920 | _a83-86264-18-7 | ||
| 942 | _cKS | ||
| 008 | s pl f |000 0 pol | ||
| 999 |
_c31193 _d31193 |
||
| 856 |
_uhttp://koha.tu.koszalin.pl/cgi-bin/koha/opac-detail.pl?biblionumber=31193 _yKatalog online BPK |
||